000 01716 a2200229 4500
001 38064
005 20260407155646.0
008 260407a1996 arg spa d
003 AR-UNSa-BCEJYS
040 _aAR-UNSa-BCEJYS
_bspa
_cAR-UNSa-BCEJYS
080 _a911.3:33(82)
_xGeografía económica argentina
245 1 0 _aLa Argentina, estructura humana y económica
250 _a12a. ed
264 1 _aBuenos Aires :
_bEdiciones Macchi
_c1996
300 _axx, 697 p.
_c24 cm.
505 _a1. Ambito continental - 2. Factores naturales indirectos autorrenovables - 3. Factores naturales directos o recursos naturales - 4. Regiones naturales - 5. Ambito insular - 6. Sector antártico - 7. El dominio del territorio nacional - 8. Desarrollo territorial del planeamiento argentino - 9. Estática demográfica - 10. Dinámica demográfica - 11. Aspectos cualitativos de la población demográfica - 12. Vivienda - 13. La pobreza en la Argentina - 14. Fundamentos de la actividad agropecuaria argentina - 15. La tecnología aplicada al agro - 16. Producción agropecuaria - 17. Cultivos industriales - 18. Frutas, hortalizas, legumbres y plntas forrajeras - 19. Producción ganadera - 20. Actividad ictícola.Pesca y caza marítima y fluvial(explotación de algas) - 21. Explotación forestal - 22. Minería - 23. Energía - 24. Actividad industrial - 25. Sistema nacional de transporte - 26. El comercio - 27. Turismo - 28. De la Argentina actual a la Argentina del futuro.
942 _cBK
590 _aniveau_biblio:m niveau_hierar:0
100 1 _aCarlevari, Isidro J.F.
700 1 _aCarlevari, Ricardo D.
856 4 1 _uhttps://biblioeco.unsa.edu.ar/pmb/images/libros/L70126.jpg
_yImagen de portada
_qimage/jpeg
999 _c2852
_d2852